Corporate image management : a marketing discipline for the 21st century

Bibliographic Details
Main Author: Howard, Steven (Author)
Format: Book
Language:English
Published: Woburn, MA : Butterworth-Heinemann 1998
Subjects:

MARC

LEADER 00000cam a2200000 7i4500
001 0000008449
005 20241003.0
008 010206 mau eng
020 |a 0750645946 (pbk) 
040 |a INS   |b eng   |e rda 
090 0 0 |a HD59.2   |b .H69 1998 
100 1 |a Howard, Steven ,   |e author 
245 1 0 |a Corporate image management :   |b a marketing discipline for the 21st century   |c Steven Howard 
264 1 |a Woburn, MA :   |b Butterworth-Heinemann   |c 1998 
264 4 |c ©1998 
300 |a xii, 224 pages ;   |c 23 cm. 
336 |a text  |2 rdacontent 
337 |a unmediated  |2 rdamedia 
338 |a volume  |2 rdacarrier 
500 |a Includes index 
650 0 |a Corporate image 
999 |a 0000008034   |b BOOK   |c Open Shelf   |e Default branch